000 01883nam a2200277 a 4500
001 77652
003 BD-RjUL
005 20211209083016.0
008 201220s2010 bg a|||| m||| 00| 0 ben d
035 _a(BD-RjUL)77878
040 _aBD-RjUL
_bben / eng
_cBD-RjUL
_dBD-RjUL
041 _aben
082 _a954.925
_bBEK 2010
_223
100 _aবেগম, মোছা. মেহেরউননেসা
_9242711
245 1 0 _aখুলনা জেলার সমাজ ও সংস্কৃতি, ১৮৮২-১৯৪৭ :
_bএকটি ঐতিহাসিক পর্যালোচনা /
_cমোছা. মেহেরউননেসা বেগম ;
_6গবেষণা তত্ত্বাবধায়ক : মোহাম্মদ শাফি
260 _aরাজশাহী :
_bইতিহাস বিভাগ, রাজশাহী বিশ্ববিদ্যালয়,
_c২০১০
300 _axiii, ৫৫১ পাতা :
_bচিত্র ;
_c২৯ সেমি.
502 _aথিসিস (পিএইচ. ডি.) -- ইতিহাস বিভাগ, রাজশাহী বিশ্ববিদ্যালয়, ২০১০
504 _aগ্রন্থপঞ্জি : পাতা [৪৭১] - ৫০৭
651 _aবাংলাদেশ
_zখুলনা জেলা
_xইতিহাস
_y১৮৮২-১৯৪৭
_9242712
651 _aBangladesh
_zKhulna District
_xHistory
_y1882-1947
_9242713
651 _aবাংলাদেশ
_zখুলনা জেলা
_xসামাজিক জীবন এবং রীতিনীতি
_y১৮৮২-১৯৪৭
_9242769
651 _aBangladesh
_zKhulna District
_xSocial life and customs.
_y1882-1947
_9242770
700 _aশাফি, মোহাম্মদ, গবেষণা তত্ত্বাবধায়ক
_9242396
942 _2ddc
_cTHE
999 _c77652
_d77652